|
|
|
|
| LEADER |
00820nab a2200217 i 4500 |
| 001 |
publ4676 |
| 005 |
20190319152208.0 |
| 008 |
150121s2014 hu o 0|| angol d |
| 022 |
|
|
|a 0040-4020
|
| 024 |
7 |
|
|a 10.1016/j.tet.2014.02.063
|2 doi
|
| 024 |
7 |
|
|a 2564245
|2 mtmt
|
| 040 |
|
|
|a SZTE Publicatio Repozitórium
|b hun
|
| 041 |
|
|
|a angol
|
| 100 |
1 |
|
|a Cherepanova Maria
|
| 245 |
1 |
0 |
|a Stereocontrolled transformation of cyclohexene β-amino esters into syn- or anti-difunctionalized acyclic β2,3-amino acid derivatives
|h [elektronikus dokumentum] /
|c Cherepanova Maria
|
| 260 |
|
|
|a Elsevier Limited
|c 2014
|
| 300 |
|
|
|a 2515-2522
|
| 490 |
0 |
|
|a Tetrahedron
|v 70 No. 15
|
| 700 |
0 |
1 |
|a Kiss Loránd
|e aut
|
| 700 |
0 |
1 |
|a Fülöp Ferenc
|e aut
|
| 856 |
4 |
0 |
|u http://publicatio.bibl.u-szeged.hu/4676/1/tetrahedron_MCH_2014.pdf
|z Dokumentum-elérés
|